Caddie - cô gái quầy bar ở Sydney
Guardat en:
| Autor principal: | |
|---|---|
| Format: | Llibre |
| Idioma: | Undetermined |
| Publicat: |
Hà Nội
Văn học
2015
|
| Matèries: | |
| Etiquetes: |
Afegir etiqueta
Sense etiquetes, Sigues el primer a etiquetar aquest registre!
|
| Thư viện lưu trữ: | Trung tâm Học liệu Trường Đại học Cần Thơ |
|---|
| LEADER | 00647nam a2200205Ia 4500 | ||
|---|---|---|---|
| 001 | CTU_203325 | ||
| 008 | 210402s9999 xx 000 0 und d | ||
| 020 | |c 89000 | ||
| 082 | |a 823.91 | ||
| 082 | |b E24 | ||
| 100 | |a Edmonds, Catherine Beatrice | ||
| 245 | 0 | |a Caddie - cô gái quầy bar ở Sydney | |
| 245 | 0 | |c Catherine Beatrice Edmonds ; Nguyễn Thành Châu (dịch) | |
| 260 | |a Hà Nội | ||
| 260 | |b Văn học | ||
| 260 | |c 2015 | ||
| 650 | |a English fiction,English literature | ||
| 650 | |x Văn học Anh,Tiểu thuyết Anh | ||
| 904 | |i Tuyến | ||
| 980 | |a Trung tâm Học liệu Trường Đại học Cần Thơ | ||